[Event "FRA-ch U12"]
[Site "Troyes"]
[Date "2010.04.14"]
[Round "5"]
[White "Froment, Theophile"]
[Black "Biancarelli, Pablo"]
[Result "1-0"]
[WhiteElo "1834"]
[BlackElo "1666"]
[PlyCount "59"]
[EventDate "2010.04.11"]
[EventType "swiss"]
[EventRounds "9"]
[EventCountry "FRA"]
[SourceTitle "EXT 2012"]
[Source "ChessBase"]
[SourceDate "2011.11.24"]
[SourceVersion "1"]
[SourceVersionDate "2011.11.24"]
[SourceQuality "1"]

1. e4 c5 2. Nf3 e6 3. d4 cxd4 4. Nxd4 a6 5. Bd3 Bc5 6. Nb3 Be7 7. c4 d6 8. Nc3 Nf6 9. f4 Qc7 10. Qe2 Nbd7 11. 0-0 b6 12. Bd2 Bb7 13. Rae1 Nc5 14. Nxc5 Qxc5+ 15. Kh1 Qc7 16. b3 0-0 17. e5 Nd7 18. Ne4 h6 19. exd6 Bxd6 20. Nxd6 Qxd6 21. Bc3 Rfd8 22. Qg4 Qf8 23. Bc2 Nc5 24. f5 exf5 25. Rxf5 Bc8 26. h3 Bxf5 27. Qxf5 g6 28. Qf6 Kh7 29. Bxg6+ fxg6 30. Re7+ 1-0